La dimensión jurídica de la integración: América Latina
Saved in:
| Corporate Authors: | , |
|---|---|
| Format: | Bog |
| Sprog: | spansk |
| Udgivet: |
Buenos Aires
INTAL
1973
Buenos Aires BID 1973 |
| Fag: | |
| Tags: |
Tilføj Tag
Ingen Tags, Vær først til at tagge denne postø!
|
MARC
| LEADER | 00000nam a2200000 a 4500 | ||
|---|---|---|---|
| 001 | UCT9369 | ||
| 003 | CL-VaPUC | ||
| 008 | 970404e19730000ag |||||||||||||||||spa|d | ||
| 082 | 0 | 4 | |a 341.24 |b INS |2 21 |
| 110 | 2 | |a Instituto para la Integración de América Latina |e author |9 382003 | |
| 710 | 2 | |a Banco Interamericano de Desarrollo |e author |9 382004 | |
| 245 | 1 | 3 | |a La dimensión jurídica de la integración: América Latina |
| 300 | |a 464 p | ||
| 942 | |c BK | ||
| 945 | |d 19970404 00:00:00 |a paguirre | ||
| 260 | |a Buenos Aires |b INTAL |c 1973 | ||
| 260 | |a Buenos Aires |b BID |c 1973 | ||
| 650 | 0 | |a Integración económica |9 255024 | |
| 650 | 0 | |a Derecho internacional |9 255637 | |
| 650 | 0 | |a Desarrollo económico y social |9 256320 | |
| 650 | 0 | |a Tratados internacionales |9 256056 | |
| 650 | 0 | |a Libre comercio |9 323018 | |
| 650 | 0 | |a Mercado común |9 378790 | |
| 651 | 0 | |a América Latina |9 255027 | |
| 583 | |a last modification |c 20171114 04:58:13 |k Rodrigo Vera | ||
| 999 | |c 257775 |d 257773 | ||
| 952 | |0 0 |1 0 |4 0 |6 341_240000000000000_INS_1973_1973 |7 0 |8 A |9 281435 |a BIBDER |b BIBDER |d 2019-11-19 |i 1824120 |o 341.24 INS 1973 1973 |p 1824120 |r 2023-01-25 |w 2019-11-19 |y BK |k DER | ||